El Madrid tremebundo : (Record no. 79096)
[ view plain ]
| 000 -LEADER | |
|---|---|
| campo de control de longitud fija | 01002nam a2200313 i 4500 |
| 001 - NÚMERO DE CONTROL | |
| campo de control | 79096 |
| 003 - IDENTIFICADOR DE NÚMERO DE CONTROL | |
| campo de control | ES-MaACL |
| 005 - FECHA Y HORA DE LA ÚLTIMA TRANSACCIÓN | |
| campo de control | 20250803094133.0 |
| 007 - CAMPO FIJO DE DESCRIPCIÓN FÍSICA--INFORMACIÓN GENERAL | |
| campo de control de longitud fija | t| |
| 008 - DATOS DE LONGITUD FIJA--INFORMACIÓN GENERAL | |
| campo de control de longitud fija | 041019s1983 sp ||||1| spa d |
| 017 ## - NÚMERO DE COPYRIGHT O DE DEPÓSITO LEGAL | |
| Número de copyright o de depósito legal | M 40466-1983 |
| 020 ## - NÚMERO INTERNACIONAL ESTÁNDAR DEL LIBRO | |
| Número Internacional Estándar del Libro | 8486280001 |
| 040 ## - FUENTE DE CATALOGACIÓN | |
| Centro/agencia transcriptor | ES-MaACL |
| 100 0# - ENTRADA PRINCIPAL--NOMBRE DE PERSONA | |
| Nombre de persona | Hernández Castanedo, Francisco |
| 9 (RLIN) | 62906 |
| Término indicativo de función/relación | Autor |
| 245 13 - MENCIÓN DEL TÍTULO | |
| Título | El Madrid tremebundo : |
| Resto del título | (crímenes célebres, 1797-1958) / |
| Mención de responsabilidad, etc. | Francisco Hernández Castanedo |
| 250 ## - MENCION DE EDICION | |
| Mención de edición | [1ª ed.]. |
| 260 ## - PUBLICACIÓN, DISTRIBUCIÓN, ETC. | |
| Lugar de publicación, distribución, etc. | Madrid : |
| Nombre del editor, distribuidor, etc. | El Avapiés, |
| Fecha de publicación, distribución, etc. | [1983] |
| 300 ## - DESCRIPCIÓN FÍSICA | |
| Extensión | 215 páginas ; |
| Dimensiones | 20 cm |
| 490 1# - MENCIÓN DE SERIE | |
| Mención de serie | Colección Avapiés ; |
| Designación de volumen o secuencia | 1 |
| 650 #7 - PUNTO DE ACCESO ADICIONAL DE MATERIA--TÉRMINO DE MATERIA | |
| 9 (RLIN) | 166054 |
| Término de materia o nombre geográfico como elemento de entrada | Delitos |
| 651 #7 - PUNTO DE ACCESO ADICIONAL DE MATERIA--NOMBRE GEOGRÁFICO | |
| Nombre geográfico | Madrid- |
| Subdivisión general | Historia- |
| Subdivisión geográfica | S.XVIII |
| Fuente del encabezamiento o término | |
| 9 (RLIN) | 143696 |
| 651 #4 - PUNTO DE ACCESO ADICIONAL DE MATERIA--NOMBRE GEOGRÁFICO | |
| 9 (RLIN) | 8969 |
| Nombre geográfico | Madrid- |
| Subdivisión general | Historia- |
| Subdivisión cronológica | S.XIX |
| 651 #4 - PUNTO DE ACCESO ADICIONAL DE MATERIA--NOMBRE GEOGRÁFICO | |
| 9 (RLIN) | 8972 |
| Nombre geográfico | Madrid- |
| Subdivisión general | Historia- |
| Subdivisión cronológica | S.XX |
| 830 #0 - PUNTO DE ACCESO ADICIONAL DE SERIE-TÍTULO UNIFORME | |
| Título uniforme | Avapiés |
| Designación de volumen o secuencia | 1 |
| 9 (RLIN) | 178596 |
| 852 ## - LOCALIZACIÓN | |
| Ubicación | ES-MaACL |
| Número de control de estantería | L-5630 |
| Sublocalización o colección | R.106247 |
| Ubicación en estantería | Depósito 2 |
| Encuadernación | Encuadernación rústica |
| 942 ## - ELEMENTOS DE ENTRADA SECUNDARIOS (KOHA) | |
| Tipo de ítem Koha | Libro impreso |
| Suprimir en OPAC | No |
| Estatus retirado | Estado de pérdida | Estado de daño | No para préstamo | Biblioteca de origen | Biblioteca actual | Ubicación en estantería | Fecha de adquisición | Fuente de adquisición | Total de préstamos | Signatura topográfica completa | Código de barras | Visto por última vez | Precio de reemplazo | Tipo de ítem Koha |
|---|---|---|---|---|---|---|---|---|---|---|---|---|---|---|
| Biblioteca del Ateneo de Madrid | Biblioteca del Ateneo de Madrid | Depósito 2 | 17/01/2008 | L-5630 | 1082718 | 23/02/2023 | 23/02/2023 | Libro impreso |
